=LDR 00000nam 2200000 4500 =001 INLIS000000000020469 =005 20130612115420 =008 ***********************************Ind** =035 ##$$a0010-061300000020469 =041 ##$$a Ind =082 ##$$a 658.001 =090 ##$$a 658.001, Tho p =100 ##$$a Thoha, Miftah =245 ##$$a Perilaku organisasi, konsep dasar dan aplikasinya, Miftah Thoha =260 ##$$a 2005 $b Jakarta =300 ##$$a xviii, 376 hlm, 21 cm =650 ##$$a Peilaku organisasi =850 ##$$a NBPNMAT =990 ##$$a 92020/BPAP-NTB/2014 =990 ##$$a 94061/BPAP-NTB/2014 =990 ##$$a 94062/BPAP-NTB/2014 =990 ##$$a 94063/BPAP-NTB/2014